| 000 | 00510nam a2200169Ia 4500 | ||
|---|---|---|---|
| 008 | 210716s2003 xx 000 0 und d | ||
| 020 | _a8178089017 | ||
| 041 | _aeng | ||
| 082 | _a004.65 SCHD | ||
| 100 | _aSchmidt, Douglas;Huston, Stephen D. | ||
| 245 |
_aC++ network programming: systematic reuse with ace and frameworks. _bSystematic reuse with ace and frameworks. |
||
| 250 | _a1 | ||
| 260 |
_aNew Delhi _bPearson Education _c2003 |
||
| 300 | _axviii,350 | ||
| 440 | _v2 | ||
| 650 | _aComputer Networks | ||
| 999 |
_c186765 _d186765 |
||